| 000 | 01079nam a22003137a 4500 | ||
|---|---|---|---|
| 003 | CHAP | ||
| 005 | 20220329135832.0 | ||
| 008 | 971013s1975 r 00010 d | ||
| 010 | _a43038 | ||
| 011 | _a44010 | ||
| 035 | _a48148 | ||
| 040 | _cCHAP | ||
| 082 |
_a634.9 _bM48p 1974 |
||
| 110 |
_aMéxico. Dirección General para el Desarrollo Forestal _977058 |
||
| 245 |
_aPrograma Nacional de Desarrollo Forestal _b: política forestal |
||
| 260 |
_aMéxico, D.F. : _bLa Dirección, _c1975 |
||
| 300 |
_as.p. _b: ilus |
||
| 590 |
_aBATCH-UPD _b10 _c20130110 _lUCH01 _h1727 |
||
| 590 |
_aBATCH-UPD _b10 _c20130410 _lUCH01 _h1109 |
||
| 590 |
_aBATCH-UPD _b10 _c20130914 _lUCH01 _h0713 |
||
| 590 |
_aCONVERSION _b10 _c20130109 _lUCH01 _h1324 |
||
| 650 | 1 | 4 |
_aBosques _xMéxico. _914341 |
| 650 | 1 | 4 |
_aPolítica forestal _zMéxico. _990610 |
| 901 | _aBK | ||
| 942 | _cLIBRO | ||
| 949 |
_a634.9 M48p 1974 _bBC _cC _d-109233 _eC _i48148 _mD _si |
||
| 949 |
_a634.9 M48p 1974 _bBC _cC _d-109235 _eC _fc.3 _i48148 _mD _si |
||
| 949 |
_a634.9 M48p 1974 _bBC _cLIBRO _d33724000222816 _eLIBRO _fc.2 _i48148 _mD _si |
||
| 999 |
_c43038 _d43038 |
||